000 00472nam a2200181Ia 4500
008 230524s9999 xx 000 0 und d
020 _a9789382332282
082 _a621.7
_bNAR
100 _aK.L. Narayana
245 0 _aProduction Technology
250 _a3
260 _aNew Delhi
_bI.K.International
_c2013
300 _a"VI,298p;"
500 _aQuantity Number: 1
650 _aMechanics
700 _aSwarna Venkata Ramana &P.Vamsi Krishna
_942935
942 _cBK
999 _c57898
_d57898